[Event "Eurasia Open Cup 2019"]
[Site "Ekaterinburg"]
[Date "2019.08.01"]
[Round "2.14"]
[White "Burmakin, Vladimir"]
[Black "Lysenko, Margarita"]
[Result "1-0"]
[WhiteElo "2506"]
[BlackElo "2224"]
[Annotator "ChessBase"]
[PlyCount "131"]
[EventDate "2019.07.31"]
[EventType "swiss"]
[EventCountry "RUS"]
[SourceTitle "playchess.com"]
[Source "ChessBase"]
[SourceQuality "1"]
[TimeControl "5400+30"]

1. d4 {[%emt 0:00:00]} Nf6 {[%emt 0:00:00]} 2. g3 {[%emt 0:00:00]} e6 {[%emt 0:02:19]} 3. Bg2 {[%emt 0:01:30]} c5 {[%emt 0:01:57]} 4. dxc5 {[%emt 0:01:39]} Bxc5 {[%emt 0:00:20]} 5. Nh3 {[%emt 0:00:06]} O-O {[%emt 0:03:13]} 6. O-O {[%emt 0:02:04]} d5 {[%emt 0:04:43]} 7. Nf4 {[%emt 0:00:05]} Nc6 {[%emt 0:04:01]} 8. c3 {[%emt 0:00:36]} Qe7 {[%emt 0:09:55]} 9. Nd2 {[%emt 0:14:43]} Rd8 {[%emt 0:01:25]} 10. Nd3 {[%emt 0:04:04]} Bb6 {[%emt 0:03:43]} 11. Ne1 {[%emt 0:15:11]} e5 {[%emt 0:03:18]} 12. Nc2 {[%emt 0:00:00]} Bf5 {[%emt 0:06:44]} 13. Nf3 {[%emt 0:00:17]} d4 {[%emt 0:10:45]} 14. cxd4 {[%emt 0:01:13]} exd4 {[%emt 0:02:11]} 15. Nce1 {[%emt 0:03:09]} Re8 {[%emt 0:04:45]} 16. Nh4 {[%emt 0:00:00]} Bg4 {[%emt 0:01:07]} 17. Bf3 {[%emt 0:00:03]} Bxf3 {[%emt 0:11:18]} 18. exf3 {[%emt 0:00:02]} Nd5 {[%emt 0:00:31]} 19. Qb3 {[%emt 0:00:30]} Rad8 {[%emt 0:04:49]} 20. Nd3 {[%emt 0:13:42]} Na5 {[%emt 0:03:22]} 21. Qa4 {[%emt 0:00:04]} Qd7 {[%emt 0:02:08]} 22. Qxd7 {[%emt 0:01:06]} Rxd7 {[%emt 0:02:41]} 23. Bd2 {[%emt 0:01:28]} Nc4 {[%emt 0:00:05]} 24. Rfe1 {[%emt 0:07:40]} Rxe1+ {[%emt 0:00:54]} 25. Bxe1 {[%emt 0:00:25]} f6 {[%emt 0:04:54]} 26. f4 {[%emt 0:01:04]} Kf7 {[%emt 0:01:10]} 27. Nf3 {[%emt 0:00:15]} Nd6 {[%emt 0:02:21]} 28. Rd1 {[%emt 0:00:17]} Ne4 {[%emt 0:02:37]} 29. Nd2 {[%emt 0:03:32]} Nxd2 {[%emt 0:00:59]} 30. Bxd2 {[%emt 0:05:17]} Rc7 {[%emt 0:01:34]} 31. Kg2 {[%emt 0:00:16]} Rc2 {[%emt 0:01:15]} 32. Kf3 {[%emt 0:04:20]} f5 {[%emt 0:00:51]} 33. Be1 {[%emt 0:00:04]} Nf6 {[%emt 0:00:53]} 34. a4 {[%emt 0:02:38]} a6 {[%emt 0:02:24]} 35. Ra1 {[%emt 0:01:43]} Ne4 {[%emt 0:01:01]} 36. a5 {[%emt 0:01:29]} Ba7 {[%emt 0:00:40]} 37. Ra4 {[%emt 0:02:36]} Ke6 {[%emt 0:00:30]} 38. g4 {[%emt 0:00:47]} g6 {[%emt 0:01:02]} 39. h3 {[%emt 0:01:49]} Nc5 {[%emt 0:00:00]} 40. Rxd4 {[%emt 0:00:10]} Nxd3 {[%emt 0:00:31]} 41. Rxd3 {[%emt 0:00:37]} Rxb2 {[%emt 0:00:49]} 42. Rd8 {[%emt 0:00:07]} Rc2 {[%emt 0:00:00]} 43. Re8+ {[%emt 0:01:30]} Kf7 {[%emt 0:01:09]} 44. Ra8 {[%emt 0:01:15]} Bd4 {[%emt 0:00:18]} 45. Rd8 {[%emt 0:01:04]} Bf6 {[%emt 0:00:44]} 46. Rd7+ {[%emt 0:00:07]} Ke8 {[%emt 0:00:30]} 47. Rxb7 {[%emt 0:00:00]} fxg4+ {[%emt 0:00:28]} 48. hxg4 {[%emt 0:00:23]} h5 {[%emt 0:00:02]} 49. Rb6 {[%emt 0:00:00]} hxg4+ {[%emt 0:00:07]} 50. Kxg4 {[%emt 0:03:41]} Bd4 {[%emt 0:00:20]} 51. Rxg6 {[%emt 0:00:05]} Re2 {[%emt 0:00:14]} 52. Rd6 {[%emt 0:01:18]} Bc5 {[%emt 0:00:32]} 53. Rd5 {[%emt 0:00:44]} Rxe1 {[%emt 0:01:31]} 54. Rxc5 {[%emt 0:00:14]} Ra1 {[%emt 0:00:34]} 55. Kg5 {[%emt 0:00:35]} Ke7 {[%emt 0:00:11]} 56. Re5+ {[%emt 0:01:43]} Kf7 {[%emt 0:00:00]} 57. Rc5 {[%emt 0:00:47]} Ke7 {[%emt 0:00:27]} 58. f5 {[%emt 0:00:32]} Rg1+ {[%emt 0:00:00]} 59. Kf4 {[%emt 0:02:19]} Ra1 {[%emt 0:00:37]} 60. Ke5 {[%emt 0:00:10]} Re1+ {[%emt 0:00:07]} 61. Kf4 {[%emt 0:00:15]} Ra1 {[%emt 0:00:16]} 62. f6+ {[%emt 0:00:52]} Kf7 {[%emt 0:00:10]} 63. Kf5 {[%emt 0:00:09]} Rf1 {[%emt 0:00:59]} 64. Rc7+ {[%emt 0:00:08]} Kf8 {[%emt 0:00:24]} 65. f4 {[%emt 0:00:15]} Ra1 {[%emt 0:00:07]} 66. Ra7 {[%emt 0:00:09]} 1-0

[Event "Eurasia Open Cup 2019"]
[Site "Ekaterinburg"]
[Date "2019.08.01"]
[Round "2.15"]
[White "Pranizin, Gennady"]
[Black "Gleizerov, Evgeny"]
[Result "0-1"]
[WhiteElo "2232"]
[BlackElo "2498"]
[Annotator "ChessBase"]
[PlyCount "120"]
[EventDate "2019.07.31"]
[EventType "swiss"]
[EventCountry "RUS"]
[SourceTitle "playchess.com"]
[Source "ChessBase"]
[SourceQuality "1"]
[TimeControl "5400+30"]

1. e4 {[%emt 0:00:00]} e6 {[%emt 0:00:55]} 2. d4 {[%emt 0:00:00]} d5 {[%emt 0:01:11]} 3. Bd3 {[%emt 0:00:00]} c5 {[%emt 0:00:06]} 4. exd5 {[%emt 0:00:00]} exd5 {[%emt 0:00:07]} 5. Qe2+ {[%emt 0:07:24]} Be7 {[%emt 0:01:19]} 6. dxc5 {[%emt 0:07:46]} Nf6 {[%emt 0:00:17]} 7. Nf3 {[%emt 0:01:13]} O-O {[%emt 0:00:21]} 8. O-O {[%emt 0:01:50]} Re8 {[%emt 0:00:45]} 9. Bg5 {[%emt 0:04:44]} h6 {[%emt 0:00:15]} 10. Bh4 {[%emt 0:02:13]} g5 {[%emt 0:00:34]} 11. Nxg5 {[%emt 0:09:33]} hxg5 {[%emt 0:00:51]} 12. Bxg5 {[%emt 0:00:03]} Nbd7 {[%emt 0:09:03]} 13. Nc3 {[%emt 0:06:30]} Nxc5 {[%emt 0:01:45]} 14. Bb5 {[%emt 0:11:30]} Bd7 {[%emt 0:04:49]} 15. Rad1 {[%emt 0:07:55]} Bxb5 {[%emt 0:19:58]} 16. Qxb5 {[%emt 0:01:11]} a6 {[%emt 0:00:18]} 17. Qe2 {[%emt 0:00:32]} d4 {[%emt 0:00:44]} 18. Qf3 {[%emt 0:01:30]} Ne6 {[%emt 0:02:35]} 19. Bh4 {[%emt 0:01:30]} Nh7 {[%emt 0:00:31]} 20. Bxe7 {[%emt 0:02:32]} Qxe7 {[%emt 0:03:07]} 21. Ne4 {[%emt 0:00:59]} Kh8 {[%emt 0:07:15]} 22. Ng3 {[%emt 0:09:02]} Rad8 {[%emt 0:06:47]} 23. h3 {[%emt 0:00:53]} Rd7 {[%emt 0:02:18]} 24. c3 {[%emt 0:03:26]} Qf6 {[%emt 0:00:59]} 25. Qe4 {[%emt 0:01:02]} Red8 {[%emt 0:00:10]} 26. cxd4 {[%emt 0:02:42]} Nxd4 {[%emt 0:02:39]} 27. Kh1 {[%emt 0:04:10]} Ne6 {[%emt 0:04:39]} 28. Rxd7 {[%emt 0:01:24]} Rxd7 {[%emt 0:00:38]} 29. f4 {[%emt 0:04:23]} Qxb2 {[%emt 0:02:40]} 30. f5 {[%emt 0:01:19]} Nef8 {[%emt 0:00:01]} 31. Qg4 {[%emt 0:01:11]} Qg7 {[%emt 0:02:15]} 32. Qf3 {[%emt 0:01:31]} Nf6 {[%emt 0:00:37]} 33. Rb1 {[%emt 0:03:19]} Qg5 {[%emt 0:01:11]} 34. Qc3 {[%emt 0:01:14]} Kg8 {[%emt 0:00:30]} 35. Kh2 {[%emt 0:00:22]} Nd5 {[%emt 0:03:34]} 36. Qc8 {[%emt 0:01:08]} Qf4 {[%emt 0:00:07]} 37. Rxb7 {[%emt 0:00:12]} Rxb7 {[%emt 0:01:20]} 38. Qxb7 {[%emt 0:01:44]} Ne3 {[%emt 0:02:48]} 39. Qxa6 {[%emt 0:00:18]} Nxf5 {[%emt 0:06:02]} 40. Qd3 {[%emt 0:00:04]} Ne3 {[%emt 0:01:11]} 41. Qe2 {[%emt 0:00:22]} Ng6 {[%emt 0:00:16]} 42. Qf3 {[%emt 0:00:15]} Qe5 {[%emt 0:00:36]} 43. Kg1 {[%emt 0:00:23]} Nh4 {[%emt 0:02:43]} 44. Qf2 {[%emt 0:00:17]} Nd1 {[%emt 0:00:44]} 45. Qe2 {[%emt 0:00:37]} Qxg3 {[%emt 0:01:30]} 46. Qg4+ {[%emt 0:00:31]} Qxg4 {[%emt 0:02:22]} 47. hxg4 {[%emt 0:01:58]} Ng6 {[%emt 0:00:13]} 48. a4 {[%emt 0:00:12]} Ne5 {[%emt 0:00:00]} 49. a5 {[%emt 0:00:03]} Nc6 {[%emt 0:00:52]} 50. a6 {[%emt 0:00:13]} Ne3 {[%emt 0:00:00]} 51. g5 {[%emt 0:00:19]} Nd5 {[%emt 0:00:00]} 52. Kh2 {[%emt 0:00:32]} Nc7 {[%emt 0:00:00]} 53. Kh3 {[%emt 0:00:07]} Kg7 {[%emt 0:00:06]} 54. Kg4 {[%emt 0:00:00]} Kg6 {[%emt 0:00:05]} 55. Kf4 {[%emt 0:00:00]} Nxa6 {[%emt 0:00:06]} 56. Kg4 {[%emt 0:00:04]} Nc5 {[%emt 0:00:35]} 57. Kh4 {[%emt 0:00:09]} Ne6 {[%emt 0:00:05]} 58. g3 {[%emt 0:00:34]} Nxg5 {[%emt 0:00:00]} 59. Kg4 {[%emt 0:00:00]} Ne4 {[%emt 0:00:00]} 60. Kf4 {[%emt 0:00:00]} Nxg3 {[%emt 0:00:00]} 0-1

[Event "Eurasia Open Cup 2019"]
[Site "Ekaterinburg"]
[Date "2019.08.01"]
[Round "2.16"]
[White "Larichev, Dmitry"]
[Black "Drygalov, Sergey"]
[Result "0-1"]
[WhiteElo "2225"]
[BlackElo "2492"]
[Annotator "ChessBase"]
[PlyCount "84"]
[EventDate "2019.07.31"]
[EventType "swiss"]
[EventCountry "RUS"]
[SourceTitle "playchess.com"]
[Source "ChessBase"]
[SourceQuality "1"]
[TimeControl "5400+30"]

1. e4 {[%emt 0:00:00]} c5 {[%emt 0:00:00]} 2. Nf3 {[%emt 0:00:00]} d6 {[%emt 0:00:00]} 3. c3 {[%emt 0:00:00]} Nf6 {[%emt 0:00:00]} 4. Bd3 {[%emt 0:00:50]} Nc6 {[%emt 0:00:00]} 5. Bc2 {[%emt 0:00:06]} Bg4 {[%emt 0:03:34]} 6. h3 {[%emt 0:00:40]} Bh5 {[%emt 0:00:49]} 7. O-O {[%emt 0:02:09]} e6 {[%emt 0:05:42]} 8. d3 {[%emt 0:04:15]} Be7 {[%emt 0:02:02]} 9. Be3 {[%emt 0:02:44]} O-O {[%emt 0:00:35]} 10. d4 {[%emt 0:04:22]} cxd4 {[%emt 0:02:02]} 11. cxd4 {[%emt 0:00:29]} Nb4 {[%emt 0:00:55]} 12. Nbd2 {[%emt 0:01:42]} Nxc2 {[%emt 0:01:38]} 13. Qxc2 {[%emt 0:00:01]} Bg6 {[%emt 0:02:17]} 14. Qb3 {[%emt 0:18:19]} Nxe4 {[%emt 0:01:35]} 15. Qxb7 {[%emt 0:00:34]} Nxd2 {[%emt 0:01:40]} 16. Bxd2 {[%emt 0:00:06]} Bf6 {[%emt 0:00:10]} 17. Rac1 {[%emt 0:01:17]} a5 {[%emt 0:02:10]} 18. b3 {[%emt 0:01:33]} a4 {[%emt 0:05:28]} 19. b4 {[%emt 0:10:01]} Bd3 {[%emt 0:02:19]} 20. Rfe1 {[%emt 0:01:20]} Ba6 {[%emt 0:01:41]} 21. Qe4 {[%emt 0:00:13]} Qe7 {[%emt 0:07:53]} 22. Qg4 {[%emt 0:04:58]} Bb7 {[%emt 0:04:20]} 23. Ng5 {[%emt 0:03:07]} h6 {[%emt 0:02:11]} 24. h4 {[%emt 0:14:00]} a3 {[%emt 0:15:35]} 25. Rc3 {[%emt 0:08:01]} Bd5 {[%emt 0:09:48]} 26. Rg3 {[%emt 0:03:21]} Bxa2 {[%emt 0:02:49]} 27. Ra1 {[%emt 0:03:06]} Bd5 {[%emt 0:03:29]} 28. Rgxa3 {[%emt 0:00:47]} Rxa3 {[%emt 0:00:31]} 29. Rxa3 {[%emt 0:00:31]} Qb7 {[%emt 0:01:39]} 30. Nh3 {[%emt 0:00:01]} Be4 {[%emt 0:00:48]} 31. Nf4 {[%emt 0:00:31]} Bf5 {[%emt 0:00:06]} 32. Qg3 {[%emt 0:00:56]} Bxd4 {[%emt 0:00:32]} 33. Nh5 {[%emt 0:04:12]} Qe4 {[%emt 0:02:25]} 34. Bc3 {[%emt 0:06:06]} Bg4 {[%emt 0:00:33]} 35. Nf4 {[%emt 0:00:34]} Bxc3 {[%emt 0:01:15]} 36. Rxc3 {[%emt 0:00:17]} Qxb4 {[%emt 0:02:40]} 37. Rc1 {[%emt 0:03:01]} Bf5 {[%emt 0:06:46]} 38. Kh2 {[%emt 0:02:49]} d5 {[%emt 0:00:18]} 39. Nh5 {[%emt 0:00:06]} Qg4 {[%emt 0:01:04]} 40. Nf4 {[%emt 0:00:13]} Qxg3+ {[%emt 0:00:23]} 41. Kxg3 {[%emt 0:00:37]} Rd8 {[%emt 0:00:12]} 42. Kf3 {[%emt 0:00:23]} e5 {[%emt 0:00:43]} 0-1

[Event "Eurasia Open Cup 2019"]
[Site "Ekaterinburg"]
[Date "2019.08.01"]
[Round "2.17"]
[White "Kostenko, Petr"]
[Black "Tugarin, Anton"]
[Result "1-0"]
[WhiteElo "2471"]
[BlackElo "2217"]
[Annotator "ChessBase"]
[PlyCount "57"]
[EventDate "2019.07.31"]
[EventType "swiss"]
[EventCountry "RUS"]
[SourceTitle "playchess.com"]
[Source "ChessBase"]
[SourceQuality "1"]
[TimeControl "5400+30"]

1. e4 {[%emt 0:00:00]} e6 {[%emt 0:00:00]} 2. d4 {[%emt 0:00:00]} d5 {[%emt 0:00:00]} 3. Nc3 {[%emt 0:00:00]} Bb4 {[%emt 0:00:00]} 4. exd5 {[%emt 0:00:41]} exd5 {[%emt 0:00:00]} 5. Bd3 {[%emt 0:00:00]} Nf6 {[%emt 0:00:53]} 6. a3 {[%emt 0:00:00]} Be7 {[%emt 0:01:26]} 7. Nf3 {[%emt 0:00:00]} Bg4 {[%emt 0:02:33]} 8. h3 {[%emt 0:03:14]} Bh5 {[%emt 0:00:26]} 9. g4 {[%emt 0:02:41]} Bg6 {[%emt 0:00:09]} 10. Ne5 {[%emt 0:00:00]} Bxd3 {[%emt 0:04:33]} 11. Qxd3 {[%emt 0:00:20]} c6 {[%emt 0:02:17]} 12. g5 {[%emt 0:12:08]} Nfd7 {[%emt 0:02:10]} 13. f4 {[%emt 0:00:11]} Nxe5 {[%emt 0:03:41]} 14. dxe5 {[%emt 0:00:11]} Nd7 {[%emt 0:00:34]} 15. Be3 {[%emt 0:04:30]} Nc5 {[%emt 0:02:54]} 16. Qd2 {[%emt 0:01:13]} Qd7 {[%emt 0:01:40]} 17. b4 {[%emt 0:00:34]} Ne6 {[%emt 0:07:10]} 18. f5 {[%emt 0:00:15]} Nc7 {[%emt 0:00:52]} 19. O-O {[%emt 0:06:42]} O-O {[%emt 0:10:13]} 20. Ne4 {[%emt 0:01:54]} Rfd8 {[%emt 0:15:05]} 21. Nf6+ {[%emt 0:25:37]} Bxf6 {[%emt 0:00:40]} 22. gxf6 {[%emt 0:00:33]} d4 {[%emt 0:05:55]} 23. Bg5 {[%emt 0:01:38]} Re8 {[%emt 0:10:25]} 24. Rae1 {[%emt 0:08:12]} Qd5 {[%emt 0:03:33]} 25. Qf4 {[%emt 0:00:37]} c5 {[%emt 0:01:20]} 26. Bh4 {[%emt 0:00:55]} Rec8 {[%emt 0:03:07]} 27. e6 {[%emt 0:00:51]} fxe6 {[%emt 0:01:26]} 28. fxe6 {[%emt 0:02:48]} Nxe6 {[%emt 0:00:55]} 29. Qg4 {[%emt 0:00:26]} 1-0

[Event "Eurasia Open Cup 2019"]
[Site "Ekaterinburg"]
[Date "2019.08.01"]
[Round "2.18"]
[White "Navrodskiy, Boris"]
[Black "Kezin, Roman"]
[Result "0-1"]
[WhiteElo "2223"]
[BlackElo "2470"]
[Annotator "ChessBase"]
[PlyCount "70"]
[EventDate "2019.07.31"]
[EventType "swiss"]
[EventCountry "RUS"]
[SourceTitle "playchess.com"]
[Source "ChessBase"]
[SourceQuality "1"]
[TimeControl "5400+30"]

1. d4 {[%emt 0:00:00]} Nf6 {[%emt 0:00:04]} 2. c4 {[%emt 0:00:05]} e6 {[%emt 0:00:05]} 3. Nf3 {[%emt 0:00:05]} d5 {[%emt 0:00:10]} 4. Nc3 {[%emt 0:00:16]} c6 {[%emt 0:00:10]} 5. Bg5 {[%emt 0:00:55]} dxc4 {[%emt 0:07:47]} 6. e4 {[%emt 0:00:11]} b5 {[%emt 0:00:00]} 7. e5 {[%emt 0:00:09]} h6 {[%emt 0:00:06]} 8. Bh4 {[%emt 0:00:05]} g5 {[%emt 0:00:00]} 9. Nxg5 {[%emt 0:00:05]} hxg5 {[%emt 0:00:05]} 10. Bxg5 {[%emt 0:00:05]} Be7 {[%emt 0:04:25]} 11. exf6 {[%emt 0:00:26]} Bxf6 {[%emt 0:00:00]} 12. Bxf6 {[%emt 0:00:20]} Qxf6 {[%emt 0:00:05]} 13. g3 {[%emt 0:01:21]} Na6 {[%emt 0:00:10]} 14. Bg2 {[%emt 0:05:12]} Bb7 {[%emt 0:00:05]} 15. Nxb5 {[%emt 0:05:44]} O-O-O {[%emt 0:00:20]} 16. Na3 {[%emt 0:16:25]} Rxd4 {[%emt 0:12:39]} 17. Qe2 {[%emt 0:00:10]} c3 {[%emt 0:30:48]} 18. O-O {[%emt 0:19:54]} Rd2 {[%emt 0:32:08]} 19. Qc4 {[%emt 0:07:39]} cxb2 {[%emt 0:00:47]} 20. Rad1 {[%emt 0:01:24]} Rxd1 {[%emt 0:03:09]} 21. Rxd1 {[%emt 0:00:04]} Rd8 {[%emt 0:00:05]} 22. Rf1 {[%emt 0:14:36]} Kb8 {[%emt 0:03:44]} 23. Qc2 {[%emt 0:00:34]} Nb4 {[%emt 0:04:08]} 24. Qb3 {[%emt 0:02:32]} Qd4 {[%emt 0:00:03]} 25. Nc4 {[%emt 0:01:38]} Nd3 {[%emt 0:00:26]} 26. Bxc6 {[%emt 0:00:25]} Nc5 {[%emt 0:01:01]} 27. Qb5 {[%emt 0:00:07]} a6 {[%emt 0:00:30]} 28. Qb4 {[%emt 0:00:22]} Rc8 {[%emt 0:00:30]} 29. Bg2 {[%emt 0:00:02]} Ne4 {[%emt 0:00:02]} 30. Qxb2 {[%emt 0:00:01]} Rxc4 {[%emt 0:00:01]} 31. Qb3 {[%emt 0:00:21]} Rb4 {[%emt 0:00:18]} 32. Qa3 {[%emt 0:00:59]} Rb2 {[%emt 0:00:10]} 33. Qf8+ {[%emt 0:04:41]} Ka7 {[%emt 0:00:03]} 34. Qxf7 {[%emt 0:00:18]} e5 {[%emt 0:00:30]} 35. g4 {[%emt 0:01:08]} Nd2 {[%emt 0:00:32]} 0-1

[Event "Eurasia Open Cup 2019"]
[Site "Ekaterinburg"]
[Date "2019.08.01"]
[Round "2.19"]
[White "Ulybin, Mikhail"]
[Black "Pastukhov, Leonid"]
[Result "1/2-1/2"]
[WhiteElo "2469"]
[BlackElo "2215"]
[Annotator "ChessBase"]
[PlyCount "105"]
[EventDate "2019.07.31"]
[EventType "swiss"]
[EventCountry "RUS"]
[SourceTitle "playchess.com"]
[Source "ChessBase"]
[SourceQuality "1"]
[TimeControl "5400+30"]

1. d4 {[%emt 0:00:00]} Nf6 {[%emt 0:00:40]} 2. c4 {[%emt 0:00:45]} e6 {[%emt 0:00:26]} 3. g3 {[%emt 0:01:34]} d5 {[%emt 0:02:51]} 4. Bg2 {[%emt 0:01:16]} c6 {[%emt 0:04:03]} 5. Nf3 {[%emt 0:01:35]} Nbd7 {[%emt 0:01:35]} 6. O-O {[%emt 0:07:16]} Bd6 {[%emt 0:02:01]} 7. Nc3 {[%emt 0:03:32]} O-O {[%emt 0:00:57]} 8. Nd2 {[%emt 0:01:10]} Bc7 {[%emt 0:06:58]} 9. e4 {[%emt 0:01:16]} c5 {[%emt 0:04:13]} 10. dxc5 {[%emt 0:21:46]} d4 {[%emt 0:00:39]} 11. Na4 {[%emt 0:01:24]} e5 {[%emt 0:02:53]} 12. b4 {[%emt 0:03:53]} Re8 {[%emt 0:01:24]} 13. Ba3 {[%emt 0:04:12]} Nf8 {[%emt 0:01:14]} 14. Nb2 {[%emt 0:01:13]} Ng6 {[%emt 0:01:48]} 15. Nd3 {[%emt 0:00:45]} h5 {[%emt 0:00:26]} 16. h4 {[%emt 0:03:03]} Ng4 {[%emt 0:15:53]} 17. Re1 {[%emt 0:05:27]} Be6 {[%emt 0:02:00]} 18. Rc1 {[%emt 0:08:31]} Qd7 {[%emt 0:02:32]} 19. b5 {[%emt 0:02:52]} a5 {[%emt 0:04:52]} 20. Rb1 {[%emt 0:06:09]} Bd8 {[%emt 0:04:25]} 21. Qa4 {[%emt 0:03:18]} Bxh4 {[%emt 0:06:21]} 22. gxh4 {[%emt 0:08:08]} Nxh4 {[%emt 0:00:46]} 23. Nf3 {[%emt 0:00:23]} Qd8 {[%emt 0:02:26]} 24. Nxh4 {[%emt 0:01:54]} Qxh4 {[%emt 0:01:55]} 25. Bc1 {[%emt 0:00:12]} Qh2+ {[%emt 0:00:36]} 26. Kf1 {[%emt 0:00:37]} f5 {[%emt 0:00:03]} 27. Rb2 {[%emt 0:03:42]} fxe4 {[%emt 0:01:25]} 28. Rxe4 {[%emt 0:00:45]} Rf8 {[%emt 0:00:26]} 29. Ne1 {[%emt 0:01:23]} Qg3 {[%emt 0:00:50]} 30. Rxg4 {[%emt 0:06:29]} Qxg4 {[%emt 0:00:03]} 31. Re2 {[%emt 0:00:02]} Rad8 {[%emt 0:00:02]} 32. Nd3 {[%emt 0:00:04]} Qf5 {[%emt 0:00:05]} 33. Qc2 {[%emt 0:00:03]} h4 {[%emt 0:04:43]} 34. Bxb7 {[%emt 0:00:25]} Qf7 {[%emt 0:00:47]} 35. Be4 {[%emt 0:00:41]} Bxc4 {[%emt 0:01:25]} 36. b6 {[%emt 0:00:02]} h3 {[%emt 0:02:55]} 37. Nxe5 {[%emt 0:00:26]} Bxe2+ {[%emt 0:01:29]} 38. Qxe2 {[%emt 0:00:35]} d3 {[%emt 0:01:25]} 39. Nxd3 {[%emt 0:00:25]} Qc4 {[%emt 0:00:36]} 40. Bf4 {[%emt 0:00:23]} Rxf4 {[%emt 0:00:26]} 41. f3 {[%emt 0:00:39]} Rxe4 {[%emt 0:00:46]} 42. Qxe4 {[%emt 0:00:37]} Qxa2 {[%emt 0:00:41]} 43. Qe2 {[%emt 0:00:09]} Qd5 {[%emt 0:01:44]} 44. Kg1 {[%emt 0:00:51]} Qg5+ {[%emt 0:01:00]} 45. Kh2 {[%emt 0:00:31]} Rxd3 {[%emt 0:00:43]} 46. Qe8+ {[%emt 0:00:32]} Kh7 {[%emt 0:02:38]} 47. Qe4+ {[%emt 0:00:17]} g6 {[%emt 0:01:41]} 48. Kxh3 {[%emt 0:00:41]} Rd1 {[%emt 0:01:18]} 49. f4 {[%emt 0:00:37]} Qxc5 {[%emt 0:00:13]} 50. b7 {[%emt 0:00:32]} Qc7 {[%emt 0:00:02]} 51. b8=Q {[%emt 0:00:27]} Qxb8 {[%emt 0:00:07]} 52. Qe7+ {[%emt 0:00:04]} Kh6 {[%emt 0:00:37]} 53. Qg5+ {[%emt 0:00:18]} 1/2-1/2

[Event "Eurasia Open Cup 2019"]
[Site "Ekaterinburg"]
[Date "2019.08.01"]
[Round "2.20"]
[White "Anchutin, Nikita"]
[Black "Kozionov, Kirill"]
[Result "0-1"]
[WhiteElo "2216"]
[BlackElo "2454"]
[Annotator "ChessBase"]
[PlyCount "86"]
[EventDate "2019.07.31"]
[EventType "swiss"]
[EventCountry "RUS"]
[SourceTitle "playchess.com"]
[Source "ChessBase"]
[SourceQuality "1"]
[TimeControl "5400+30"]

1. d4 {[%emt 0:00:00]} Nf6 {[%emt 0:01:11]} 2. Nf3 {[%emt 0:00:00]} g6 {[%emt 0:00:14]} 3. g3 {[%emt 0:00:00]} Bg7 {[%emt 0:00:08]} 4. Bg2 {[%emt 0:00:00]} O-O {[%emt 0:00:47]} 5. O-O {[%emt 0:00:00]} d6 {[%emt 0:00:00]} 6. c4 {[%emt 0:00:08]} Nc6 {[%emt 0:00:18]} 7. Nc3 {[%emt 0:00:00]} a6 {[%emt 0:00:42]} 8. b3 {[%emt 0:01:09]} Rb8 {[%emt 0:00:34]} 9. d5 {[%emt 0:05:01]} Na5 {[%emt 0:00:16]} 10. Bg5 {[%emt 0:01:31]} h6 {[%emt 0:01:24]} 11. Bd2 {[%emt 0:00:39]} c5 {[%emt 0:00:40]} 12. dxc6 {[%emt 0:02:48]} Nxc6 {[%emt 0:00:00]} 13. Rc1 {[%emt 0:01:37]} Be6 {[%emt 0:02:37]} 14. Ne1 {[%emt 0:13:01]} Qd7 {[%emt 0:04:01]} 15. Nd5 {[%emt 0:06:19]} Kh7 {[%emt 0:08:14]} 16. Bc3 {[%emt 0:06:19]} Nh5 {[%emt 0:00:37]} 17. Nd3 {[%emt 0:06:43]} Bxc3 {[%emt 0:03:42]} 18. Rxc3 {[%emt 0:00:20]} Bh3 {[%emt 0:00:56]} 19. Qd2 {[%emt 0:24:25]} Bxg2 {[%emt 0:01:07]} 20. Kxg2 {[%emt 0:00:05]} e6 {[%emt 0:01:35]} 21. N5b4 {[%emt 0:00:32]} Nf6 {[%emt 0:00:18]} 22. f3 {[%emt 0:03:13]} Ne7 {[%emt 0:09:07]} 23. e4 {[%emt 0:00:50]} Rbd8 {[%emt 0:30:02]} 24. Rd1 {[%emt 0:06:19]} Qc7 {[%emt 0:04:41]} 25. Nf4 {[%emt 0:01:43]} g5 {[%emt 0:00:55]} 26. Ne2 {[%emt 0:03:36]} Ng6 {[%emt 0:00:54]} 27. h3 {[%emt 0:01:59]} Rd7 {[%emt 0:06:24]} 28. Rd3 {[%emt 0:02:08]} Rfd8 {[%emt 0:06:16]} 29. Qb2 {[%emt 0:01:56]} Nh5 {[%emt 0:00:47]} 30. R3d2 {[%emt 0:03:15]} Rg8 {[%emt 0:01:57]} 31. Qd4 {[%emt 0:01:40]} Rgd8 {[%emt 0:05:25]} 32. Qb2 {[%emt 0:03:45]} Qc5 {[%emt 0:04:01]} 33. Nd3 {[%emt 0:00:45]} Qb6 {[%emt 0:01:27]} 34. Nf2 {[%emt 0:00:22]} Qc6 {[%emt 0:01:35]} 35. Ng4 {[%emt 0:00:49]} Qc5 {[%emt 0:02:09]} 36. Nf6+ {[%emt 0:01:16]} Nxf6 {[%emt 0:00:06]} 37. Qxf6 {[%emt 0:01:08]} Ne5 {[%emt 0:00:04]} 38. Nd4 {[%emt 0:00:00]} Rg8 {[%emt 0:01:38]} 39. Nxe6 {[%emt 0:02:09]} fxe6 {[%emt 0:00:40]} 40. Qxe6 {[%emt 0:00:35]} Rg6 {[%emt 0:00:00]} 41. Qe8 {[%emt 0:00:32]} Rf7 {[%emt 0:01:42]} 42. Rf2 {[%emt 0:00:52]} Rgf6 {[%emt 0:00:42]} 43. Rd5 {[%emt 0:00:50]} Qe3 {[%emt 0:00:10]} 0-1